00911nam a22002417a 450000500170000001000150001702000270003202000240005903500130008303700130009608200130010910000220012224501390014425000110028326000440029427000460033830000270038450000500041165000240046194200270048599900170051295201400052920140827120422.0 aENG-110657 c1195.00a9789339205102 c1195.00a9339205103 aEN-94189 bDBAD/PUB a332.6322 aPring, Martin J.  aTechnical analysis explained :cby Martin J. Pringbthe successful investor's guide to spotting investment trends and turning points / a5th ed aNew DelhibMcGraw Hill Education c2014 aP-24, Green Park Extn.bNew Delhie110016 axxiv,797p. c24cm(pbk) aIncludes bibliographical references and index aInvestment analysis 2ddccENmPRIh332.6322 c87892d87892 001040718NFICaDBADbDBADd2014-08-14eDBAD/PUBg1195.00l0o332.6322 PRIpEN-94189r2014-08-14 00:00:00t1v1195.00w2014-08-14yEN